Quizzes
Events
Quiz Creation
Community
Videos
Private Events
Remove Ads
Sign In
Join for FREE
Feedback
Dark Mode
Quiz Categories
Sports
Geography
Music
Movies
Television
Just For Fun
Miscellaneous
History
Literature
Language
Science
Gaming
Entertainment
Religion
Holiday
For Kids
Quiz Lab
Recent
Popular Today
Quiz Kudos Today
Editor Picks
Curator Picks
Quizzes by...
Day
Popularity
Type
Ratings
Length
Year
Community
Subscriptions
Recent Discussions
Orange Saloon
Badges
Playlists
Quests
Create
Leaderboards
Showdown
Live 5
Trivia Bingo
Activity
Puzzle Library
Sporcle Events
Private Events
Virtual Trivia
Globe League
Become a Host
Pub Owners
SporcleCon
Opinionation
Our Games
Videos
Blog
Mobile Apps
Partnerships
Remove Ads and Go Orange
Feedback
Entertainment
Celebrity
Famous
Musical
Broadway
Show
Quote
Comic Books
Anime
Superhero
DC Comics
Marvel
Cartoons
Animation
Entertainment
Celebrity
Famous
Musical
Broadway
Show
Quote
Comic Books
Anime
Superhero
DC Comics
Marvel
Cartoons
Animation
Random Quiz
Search Sporcle
×
Quiz Lab
Quiz Lab
Entertainment
pirate
Type in answers that appear in a list
Type in answers that appear in a list
Classic
Best Score? Go Orange.
Straw Hat Pirates Stats
Can you name the Straw Hat Pirates?
By
PirateKing
4m
9 Questions
94 Plays
94 Plays
94 Plays
Comments
Comments
Give Quiz Kudos
Give Quiz Kudos
-
- Ratings
hide this ad
Replay
Link that replays current quiz
Next Quiz
Link to next quiz in quiz playlist
You Got
0%
They Got
Avg Score
86%
Avg Friend Score
Upgrade to see
Score Distribution
Jump to the score distribution portion of the page
Score
0/9
Timer
04:00
0
Plays Today
Occupation
Name
% Correct
Captain
Monkey D. Luffy
98.9%
Navigator
Nami
95.7%
Cook
Sanji
94.7%
Swordsman
Roronoa Zoro
90.4%
Marksman
Usopp
90.4%
Doctor
Tony Tony Chopper
89.4%
Archaeologist
Nico Robin
88.3%
Carpenter
Franky
84%
Musician
Brooke
50%
Quiz Playlist
Details
Report
Send in Message
Add To Playlist
Classic:
Type in answers that appear in a list
Last Updated: Feb 16, 2017
Quiz Scoreboard
CHALLENGE
Sign Up to Join the Scoreboard
Show All
Scores
Hide
Comments
May contain spoilers
Recently Published
TV Characters by Other Roles V
by ghcgh
Television
5m
Decade Duel: World Leaders
by jenniferyan
History
4m
Alphabetical 'K' Countries by Flag Minefield
by ylime102
Geography
3m
More to Explore
Quiz From the Vault
Featured Blog Post
15 Basketball Trivia Facts You Can Be March Mad About
hide this ad
You Might Also Like...
Tags
hat
occupation
pirate
Straw
Today's Top Quizzes in Entertainment
Browse Entertainment
hide this ad
Today's Top Quizzes in pirate
Browse pirate
Top Contributed Quizzes in Entertainment
1
B Names for Actresses
2
Decade Duel: Actor
3
Decade Duel: Actress
4
Eurovision 2023 Logic Puzzle
5
The Joker Actors by Order
6
C Names for Actors
7
C Names for Actresses
8
Spider-Man Actors by Order
9
Titans/Young Justice Logic Puzzle (Read Note)
10
Click the Fictional John
Explore More
Trending Topics
NBA
Anime
Crossword
Marvel
Kpop
Disney
Harry Potter
Pokémon
WWE
Puzzle
The Office
Song
Soccer
NFL
Country
hide this ad
More By:
PirateKing
Quiz
Plays
Rating
Category
Featured
Created
Straw Hat Pirates
94
3.00
Entertainment
Feb 6, 2010
Go to Creator's Profile
Score Distribution
Quiz Creator Spotlight
PirateKing
Follow
Send a Message
Quizzes Created
-
Created Quiz Play Count
-
More By This Creator
Popular Quizzes Today
1
Countries of Asia Without Outlines Minefield
2
Find the US States - No Outlines Minefield
3
Pick 6: Fruits
4
The Countries of the World
5
Alphabetical 'K' Countries by Flag Minefield
6
Find the Countries of Europe - No Outlines Minefield
7
US States
8
Find the US States
More Entertainment Quizzes
Next 5 Words (Musicals) II
Published
Trending Quizzes
Pick 6: Mountains
Pick 6: Harry Potter
Pick 6: Flags
Pick 6: NFL Teams
Pick 6: Movie Franchises
Recently Updated
Adaptations: Name the Title
pecheneg
NWSL Teams
pecheneg
Women's Final Four Teams by Year
bhenderson79
Presidents Quartet II
eogle
Anything But Clue(do)
eogle
Anything But Oceanian Capitals
eogle
Anything But 7
eogle
Anything But Thing
eogle
Word Ladder: February 29
pecheneg
Song Title Questions
pecheneg
Trending Topics
Crossword
Disney
Harry Potter
Marvel
Anime
NBA
Kpop
Soccer
Puzzle
NFL
The Office
WWE
Song
Country
Pokémon
Your Account Isn't Verified!
In order to create a playlist on Sporcle, you need to verify the email address you used during registration. Go to your
Sporcle Settings
to finish the process.
Report this User
Report this user for behavior that violates our
Community Guidelines
.
Details:
Send Report
Go to the Sporcle.com Mobile Site →
Comments